Tulasīdāsa kī bhāshā. (Record no. 61644)

MARC details
000 -LEADER
fixed length control field 00768cam a22002411 4500
001 - CONTROL NUMBER
control field sa 65000640
003 - CONTROL NUMBER IDENTIFIER
control field DLC
005 - DATE AND TIME OF LATEST TRANSACTION
control field 20260227112104.0
008 - FIXED-LENGTH DATA ELEMENTS--GENERAL INFORMATION
fixed length control field 890227s1957 ii 000 0 hin
010 ## - LIBRARY OF CONGRESS CONTROL NUMBER
LC control number sa 65000640
035 ## - SYSTEM CONTROL NUMBER
System control number (OCoLC)23560977
040 ## - CATALOGING SOURCE
Original cataloging agency DLC
Transcribing agency MiU
Modifying agency NRU
-- DLC
042 ## - AUTHENTICATION CODE
Authentication code premarc
050 00 - LIBRARY OF CONGRESS CALL NUMBER
Classification number PK2095.T8
Item number Z9
100 1# - MAIN ENTRY--PERSONAL NAME
Personal name Ṡrīvāstava, Devakīnandana,
Dates associated with a name 1928-
245 10 - TITLE STATEMENT
Title Tulasīdāsa kī bhāshā.
Statement of responsibility, etc. Lekhaka Devakīnandana Śrīvāstava.
260 ## - PUBLICATION, DISTRIBUTION, ETC.
Place of publication, distribution, etc. [Lakhanaū]
Name of publisher, distributor, etc. Lakhanaū Viśvavidyālaya, 2014
Date of publication, distribution, etc. [1957]
300 ## - PHYSICAL DESCRIPTION
Extent 2. 2. 16, 3. 395 p.
Dimensions 25 cm.
440 #0 - SERIES STATEMENT/ADDED ENTRY--TITLE
Title Seṭha Bholārāma Sekasariyā-smāraka granthamālā ;
Volume/sequential designation 7.
500 ## - GENERAL NOTE
General note In Hindi.
504 ## - BIBLIOGRAPHY, ETC. NOTE
Bibliography, etc. note Bibliography: p. [300]-372.
600 00 - SUBJECT ADDED ENTRY--PERSONAL NAME
Personal name Tulasīdāsa,
Dates associated with a name 1532-1623.

No items available.

Powered by Koha